000 00610nam a22001817a 4500
003 OSt
005 20250620063037.0
008 250620b |||||||| |||| 00| 0 eng d
020 _a 978-621-427-237
040 _aDWCL - Main lib
_cOC
082 _aFil. 344.01 L961l 2025
100 _aLuna, Alden Reuben B.
245 _aLabor laws and legislation/
_cAlden Reuben B. Luna
260 _aIntramuros, Manila:
_bUnlimited Books Library Services & Publishing Inc.
_c c2025.
300 _avi, 268 pages;
_c 25cm.
650 _a 1. Labor laws and legislation.
942 _2ddc
_cBK - FIL
_eSecond edition
_kFil.
_n0
999 _c3188
_d3188